La reine de Saba [ (Record no. 168995)

MARC details
000 -LEADER
campo de control de longitud fija 00749nam a22002055i 4500
001 - NÚMERO DE CONTROL
campo de control 168995
003 - IDENTIFICADOR DE NÚMERO DE CONTROL
campo de control ES-MaACL
005 - FECHA Y HORA DE LA ÚLTIMA TRANSACCIÓN
campo de control 20250718081354.0
008 - DATOS DE LONGITUD FIJA--INFORMACIÓN GENERAL
campo de control de longitud fija 080718s1862 fr |||| | fre d
080 ## - NÚMERO DE LA CLASIFICACIÓN DECIMAL UNIVERSAL
Número de la Clasificación Decimal Universal 782.089.6
100 1# - ENTRADA PRINCIPAL--NOMBRE DE PERSONA
Nombre de persona Gounod, Charles,
Fechas asociadas al nombre 1818-1893
9 (RLIN) 240526
245 13 - MENCIÓN DEL TÍTULO
Título La reine de Saba [
Medio música impresa]
Resto del título : grand opéra en 5 actes /
Mención de responsabilidad, etc. de Jules Barbier et Michel Carré ; par Ch. Gounod.
260 ## - PUBLICACIÓN, DISTRIBUCIÓN, ETC.
Lugar de publicación, distribución, etc. Paris :
Nombre del editor, distribuidor, etc. Choudens,
Fecha de publicación, distribución, etc. [1862]
300 ## - DESCRIPCIÓN FÍSICA
Extensión 1 partitura vocal (254 p.) ;
Dimensiones 29 cm.
650 14 - PUNTO DE ACCESO ADICIONAL DE MATERIA--TÉRMINO DE MATERIA
Término de materia o nombre geográfico como elemento de entrada Óperas-
Subdivisión general Partituras vocales.
9 (RLIN) 137997
700 1# - ENTRADA AGREGADA--NOMBRE PERSONAL
Nombre de persona Barbier, Jules.
9 (RLIN) 25457
700 1# - ENTRADA AGREGADA--NOMBRE PERSONAL
Nombre de persona Carré, Michel.
9 (RLIN) 138040
852 4# - LOCALIZACIÓN
Ubicación ES-MaACL
Número de control de estantería L-29288
itemnumber R.143677
Nota libre Biblioteca Jacinto Martínez Lacalle
Holdings
Estatus retirado Estado de pérdida Fuente del sistema de clasificación o colocación Estado de daño No para préstamo Colección Biblioteca de origen Biblioteca actual Ubicación en estantería Fecha de adquisición Total de préstamos Signatura topográfica completa Código de barras Visto por última vez Precio de reemplazo Tipo de ítem Koha
    Clasificación decimal universal     Libros del s. XIX Biblioteca del Ateneo de Madrid Biblioteca del Ateneo de Madrid Depósito 2 18/07/2008   L-29288 1177370 23/02/2023 23/02/2023 Partitura